000 00640nam a2200253Ia 4500
003 OSt
005 20221005124435.0
006 a|||||r|||| 00| 0
007 ta
008 221004b |||||||| |||| 00| 0 tam d
024 _a47608
037 _cTextual
040 _aCRL
_cCRL
_btam
041 _2tam
_atam
082 _aO31,1wM6, J7
100 _aAbdurrahim Au.
_9635244
245 0 _aMuslim tomizh puiavargal
260 _c1957
650 _a TAMIL LITERATURE
650 _a TAMIL POETRY
650 _aTAMIL DRAMA
_9192671
942 _hO31,1wM6, J7
_cTEXL
_2cc
999 _c1050499
_d1050499